000 00683nam a2200229Ia 4500
003 GCL
005 20240530110912.0
008 140319s9999 xx 000 0 ara d
040 _aGCL /
_cGCL
082 0 4 _a270
_bع م
100 0 _aعبدالفتاح حسين الزيات
245 1 2 _aالمسيحية /
_cعبدالفتاح حسين الزيات
250 _aط.3
260 _aالقاهرة :
_bمركز الراية للنشر والاعلام ،
_c2001
300 _a186 ص ؛
_c24 سم
650 0 4 _aالانجيل
650 0 4 _aانجيل لوقا
650 0 4 _aالتعمير
650 0 4 _aالكنائس
650 0 4 _aالمسيحية
942 _2ddc
_cBK
999 _c66331
_d66331